Normal view
MARC view
- Sociology of disability
Entry Topical Term
001 - CONTROL NUMBER
- control field: 130910
003 - CONTROL NUMBER IDENTIFIER
- control field: NUST
005 - DATE AND TIME OF LATEST TRANSACTION
- control field: 20251006133717.0
008 - FIXED-LENGTH DATA ELEMENTS
- fixed length control field: 251006|| aca||aabn | a|a d
040 ## - CATALOGING SOURCE
- Original cataloging agency: NUST
- Transcribing agency: NUST
150 ## - HEADING--TOPICAL TERM
- Topical term or geographic name entry element: Sociology of disability
- Geographic subdivision: Scandinavia
670 ## - SOURCE DATA FOUND
- Source citation: Work cat.: (NUST)0: Accessibility denied. understanding inaccessibility and everyday resistance to inclusion for persons with disabilities /
